000 00267nam a22001217a 4500
008 181224b xxu||||| |||| 00| 0 eng d
041 _aeng
080 _a701
100 _a44
101 _aART
245 _aThe Sporting Art Auction
_cPavilion,K.S
942 _2udc
_cBK
999 _c53758
_d53758